| 000 | 00554nam a2200205Ia 4500 | ||
|---|---|---|---|
| 005 | 20260429112227.0 | ||
| 008 | 260429s9999||||xx |||||||||||||| ||und|| | ||
| 020 | _a9788181525567 | ||
| 041 | _aEnglish | ||
| 082 |
_a910.285 _bYAS |
||
| 100 | _aPal, Yash | ||
| 245 | 0 |
_aRemote sensing and geographical information systems / _cYash Pal |
|
| 260 |
_aJaipur : _bBook Enclave, _c2024. |
||
| 300 | _aix, 286 p.; hb | ||
| 650 | _a Geographical Information Systems | ||
| 650 | _a GIS | ||
| 650 | _a Remote sensing | ||
| 650 | _aGeography | ||
| 942 | _cTB | ||
| 999 |
_c52995 _d52995 |
||